• 首页
  • 本馆介绍
  • 公告通知
  • 最新文献
  • 馆藏检索
  • 电子资源
  • 读者导购
  • 参考咨询
  • 我的图书馆
  • 登录
  • 详细信息显示
  • 放入我的书架
  • 预约/预借图书
  • 作者相关作品
  • 分类相关作品
  • 丛书相关作品
  • 出版社相关作品

书目信息

  • 表格格式
  • 工作单格式
  • 卡片格式
题名:
智力大补丸
    
 
作者: ;北京未来新世纪教育科学研究所 编
分册:  
出版信息: 呼和浩特   远方出版社  2005
页数: 159页
开本: 21cm
丛书名: 中国少年素质教育系列
单 册:
中图分类: G449.4
科图分类:
主题词: 智力测验--小学--课外读物 , 智力游戏
电子资源:
ISBN: 7-80595-653-7
000 01012oam2 2200277 45
001 0120062000229
005 20070705145659.62
010    @a7-80595-653-7@dCNY396.00(全30册)
092    @aCN@b501505
100    @a20060809d2005 em y0chiy0120 ea
101 0  @achi
102    @aCN@b150000
105    @aa z 000yy
200 1  @a智力大补丸@Azhi li da bu wan@f北京未来新世纪教育科学研究所编@Fbei jing wei lai xin shi ji jiao yu ke xue yan jiu suo bian
205    @a修订版
210    @a呼和浩特@c远方出版社@d2005
215    @a159页@c图@d21cm
225 2  @a中国少年素质教育系列
330    @a本书介绍了一些智力训练的途径与方法,内容包括什么是聪明、成绩好就是聪明吗、生存智慧、智慧的钥匙在我们手中、图形找异等。
461  0 @12001 @a中国少年素质教育系列
606 0  @a智力测验@x小学@j课外读物
606 0  @a智力游戏
690    @aG449.4@v4
711 02 @a北京未来新世纪教育科学研究所@Abei jing wei lai xin shi ji jiao yu ke xue yan jiu suo@4编
801  0 @aCN@bLZJBOOK@c20070705
905    @a10447@dG449.4@e147=2
    
    智力大补丸/北京未来新世纪教育科学研究所编.-修订版.-呼和浩特:远方出版社,2005
    159页:图;21cm.-(中国少年素质教育系列)
    
    
    ISBN 7-80595-653-7:CNY396.00(全30册)
    本书介绍了一些智力训练的途径与方法,内容包括什么是聪明、成绩好就是聪明吗、生存智慧、智慧的钥匙在我们手中、图形找异等。
●
相关链接 在E读中查询图书 在五车中查询图书 在当当中查询图书 在豆瓣中查询图书


正题名:智力大补丸     索取号:G449.4/147=2         预约/预借

序号 登录号 条形码 馆藏地/架位号 状态 备注
1 0556121   205561211   第一样本阅览室/ [索取号:G449.4/147=2] 在馆    
2 0556122   205561220   第四借阅区/ [索取号:G449.4/147=2] 在馆    
3 0556123   205561239   第四借阅区/ [索取号:G449.4/147=2] 在馆    
4 0556124   205561248   第四借阅区/ [索取号:G449.4/147=2] 在馆    
5 0556125   205561257   第四借阅区/ [索取号:G449.4/147=2] 在馆    
6 0556126   205561266   第四借阅区/ [索取号:G449.4/147=2] 在馆    
7 0556127   205561275   第四借阅区/ [索取号:G449.4/147=2] 在馆    
8 0556128   205561284   第四借阅区/ [索取号:G449.4/147=2] 在馆    
唐山师范学院图书馆 欢迎您!
大连网信软件有限公司© 版权所有